| 000 | 01293nam0a22002771 4500 | ||
|---|---|---|---|
| 001 | rc\3249828 | ||
| 005 | 20250609230054.0 | ||
| 021 |
_aRU _bП747-71 |
||
| 035 | _a(NLR Aleph) 007542420 | ||
| 090 |
_a9769231 _c9769231 |
||
| 100 | _a20130115d1970 |||y0rusy50 ca | ||
| 101 | 0 | _arus | |
| 102 | _aRU | ||
| 105 | _aa z ||||| | ||
| 200 | 1 |
_aЧисленный прогноз и анализ гидрометеорологических полей в Арктике _e[Сборник статей] _fПод ред. д-ра физ.-мат. наук Е.П. Борисенкова |
|
| 210 |
_aЛенинград _cГидрометеоиздат _d1970 |
||
| 215 |
_a162 с., 1 л. схем. _cил. _d21 |
||
| 225 | 1 |
_aГлавное управление гидрометеорологической службы при Совете Министров СССР. Ордена Ленина Арктический и антарктический научно-исследовательский институт. Труды _vТ. 291 |
|
| 320 | _aБиблиогр. в конце статей | ||
| 702 | 1 |
_aБорисенков _bЕ.П. _4340 |
|
| 790 | 1 |
_aБорисенков _bЕ.П. |
|
| 801 | 0 |
_aRU _bNLR _gpsbo |
|
| 801 | 1 |
_aRU _bELAR _2rusmarc |
|
| 852 |
_aNLR _jП7/286 |
||
| 942 | _cBOOK | ||
| 980 | _aNB | ||